[Event "Pardubice op rapid 32nd"]
[Site "Pardubice"]
[Date "2021.07.22"]
[Round "8"]
[White "Zwardon, Vojtech"]
[Black "Michenka, Jozef"]
[Result "1-0"]
[WhiteElo "2466"]
[BlackElo "2300"]
[PlyCount "61"]
[EventDate "2021.07.21"]
[EventType "swiss (rapid)"]
[EventRounds "9"]
[EventCountry "CZE"]
[SourceTitle "CBM 203 Extra"]
[Source "ChessBase"]
[SourceDate "2021.09.30"]
[SourceVersion "1"]
[SourceVersionDate "2021.09.30"]
[SourceQuality "1"]

1. e4 c5 2. Nf3 Nc6 3. d4 cxd4 4. Nxd4 e6 5. Nc3 Qc7 6. Be3 Nf6 7. g4 d6 8. g5 Nd7 9. f4 a6 10. Qd2 b5 11. 0-0-0 Bb7 12. Kb1 b4 13. Na4 Nc5 14. Nxc5 dxc5 15. Nf3 Rd8 16. Qc1 Rxd1 17. Qxd1 Be7 18. b3 0-0 19. Bd3 Rd8 20. Qe2 Nd4 21. Nxd4 cxd4 22. Bd2 a5 23. Rf1 a4 24. f5 axb3 25. cxb3 exf5 26. exf5 g6 27. fxg6 hxg6 28. Bxg6 fxg6 29. Qe6+ Kh8 30. Rf7 d3 31. Qh3+ 1-0

[Event "Pardubice op rapid 32nd"]
[Site "Pardubice"]
[Date "2021.07.21"]
[Round "3"]
[White "Michenka, Jozef"]
[Black "Nisipeanu, Liviu Dieter"]
[Result "0-1"]
[WhiteElo "2300"]
[BlackElo "2656"]
[PlyCount "78"]
[EventDate "2021.07.21"]
[EventType "swiss (rapid)"]
[EventRounds "9"]
[EventCountry "CZE"]
[SourceTitle "CBM 203 Extra"]
[Source "ChessBase"]
[SourceDate "2021.09.30"]
[SourceVersion "1"]
[SourceVersionDate "2021.09.30"]
[SourceQuality "1"]

1. d4 d6 2. c4 f5 3. Nc3 Nf6 4. Nf3 g6 5. g3 Bg7 6. Bg2 0-0 7. 0-0 c6 8. b3 Qc7 9. Bb2 e5 10. dxe5 dxe5 11. e4 Na6 12. exf5 Bxf5 13. Qe2 e4 14. Nd4 Bg4 15. Qe3 Rae8 16. h3 Bc8 17. Rad1 Nb4 18. Ba3 a5 19. Na4 Re5 20. Rfe1 Rfe8 21. Ne2 Nd3 22. Rf1 Rh5 23. Nf4 Nxf4 24. gxf4 Qf7 25. Nb6 Bf5 26. Bd6 Qe6 27. Be5 Bxh3 28. Rd6 Qg4 29. Qg3 Qxg3 30. fxg3 Bxg2 31. Kxg2 Ng4 32. Bxg7 Ne3+ 33. Kf2 Nxf1 34. Bc3 Nh2 35. Rd7 Ng4+ 36. Kg2 Re6 37. Rg7+ Kf8 38. Nd7+ Ke8 39. Nc5 Rxc5 0-1

[Event "SVK-ch Seniors 65"]
[Site "Tatranske Matliare"]
[Date "2021.06.25"]
[Round "7"]
[White "Vrabec, Milos"]
[Black "Michenka, Jozef"]
[Result "0-1"]
[WhiteElo "2097"]
[BlackElo "2304"]
[PlyCount "52"]
[EventDate "2021.06.20"]
[EventType "swiss"]
[EventRounds "9"]
[EventCountry "SVK"]
[SourceTitle "EXT 2022"]
[Source "ChessBase"]
[SourceDate "2021.10.06"]
[SourceVersion "1"]
[SourceVersionDate "2021.10.06"]
[SourceQuality "1"]

1. Nf3 Nf6 2. c4 e6 3. b3 b6 4. Bb2 Bb7 5. e3 Be7 6. Be2 0-0 7. 0-0 d5 8. d4 dxc4 9. bxc4 c5 10. Nbd2 Nbd7 11. Rc1 Qc7 12. Ne5 cxd4 13. Nxd7 Qxd7 14. exd4 Rac8 15. Bf3 Rfd8 16. Re1 h6 17. Qb3 Ne8 18. Bxb7 Qxb7 19. Nf3 Bf6 20. h3 Nd6 21. Red1 Nf5 22. g4 Nd6 23. Ba3 Nxc4 24. Rxc4 Rxc4 25. Qxc4 Qxf3 26. Rd3 Qd5 0-1

[Event "Bohumin op 3rd"]
[Site "Bohumin"]
[Date "2020.07.20"]
[Round "3"]
[White "Michenka, Jozef"]
[Black "Sramek, Vojtech"]
[Result "1-0"]
[WhiteElo "2299"]
[BlackElo "2178"]
[PlyCount "119"]
[EventDate "2020.07.18"]
[EventType "swiss"]
[EventRounds "9"]
[EventCountry "CZE"]
[SourceTitle "CBM 197 Extra"]
[Source "ChessBase"]
[SourceDate "2020.09.30"]
[SourceVersion "1"]
[SourceVersionDate "2020.09.30"]
[SourceQuality "1"]

1. d4 Nf6 2. c4 e6 3. Nc3 Bb4 4. Qc2 Nc6 5. Nf3 d6 6. a3 Bxc3+ 7. Qxc3 0-0 8. e3 e5 9. dxe5 dxe5 10. Nxe5 Nxe5 11. Qxe5 Re8 12. Qg5 h6 13. Qa5 Ne4 14. Be2 Qf6 15. 0-0 b6 16. Qe1 Be6 17. a4 Nd6 18. Ra3 Bxc4 19. Bxc4 Nxc4 20. Rc3 Nd6 21. Rxc7 Rec8 22. Rxc8+ Rxc8 23. Qd1 Ne4 24. f3 Nc5 25. b4 Na6 26. Qd7 Qe6 27. Qxe6 fxe6 28. Rd1 Nxb4 29. Bb2 Nd5 30. e4 Nc3 31. Bxc3 Rxc3 32. Rd8+ Kh7 33. Rd7 Ra3 34. Rxa7 b5 35. Ra6 bxa4 36. Rxe6 Ra2 37. h4 a3 38. Ra6 h5 39. Kh2 Ra1 40. Kg3 a2 41. Kf4 Rh1 42. Rxa2 Rxh4+ 43. Kf5 Rh2 44. e5 h4 45. e6 h3 46. e7 hxg2 47. Rxg2 Rxg2 48. e8Q Rh2 49. Qg6+ Kg8 50. Qe6+ Kh7 51. Qg6+ Kg8 52. f4 Rh6 53. Qe8+ Kh7 54. Ke5 Rh1 55. Qa8 Rh6 56. f5 Rf6 57. Qe8 Rh6 58. Qe6 Kh8 59. Qxh6+ gxh6 60. Ke6 1-0

[Event "Bohumin op 3rd"]
[Site "Bohumin"]
[Date "2020.07.19"]
[Round "2"]
[White "Grochol, Kamil"]
[Black "Michenka, Jozef"]
[Result "0-1"]
[WhiteElo "2023"]
[BlackElo "2299"]
[PlyCount "62"]
[EventDate "2020.07.18"]
[EventType "swiss"]
[EventRounds "9"]
[EventCountry "CZE"]
[SourceTitle "CBM 197 Extra"]
[Source "ChessBase"]
[SourceDate "2020.09.30"]
[SourceVersion "1"]
[SourceVersionDate "2020.09.30"]
[SourceQuality "1"]

1. d4 Nf6 2. Bf4 g6 3. Nc3 c5 4. d5 d6 5. e4 Bg7 6. Qd2 Qb6 7. Bb5+ Bd7 8. a4 a6 9. a5 Qc7 10. Bd3 0-0 11. Bh6 Bxh6 12. Qxh6 b5 13. axb6 Qxb6 14. Ra2 Rc8 15. Nf3 c4 16. Be2 Bg4 17. h3 Bxf3 18. gxf3 Nbd7 19. h4 Rcb8 20. Qe3 Qc7 21. f4 Rb4 22. h5 Rab8 23. hxg6 fxg6 24. Rxa6 Rxb2 25. Bd1 Qc5 26. Rc6 Qa5 27. f3 Nc5 28. Kf1 Nh5 29. Rxh5 gxh5 30. f5 Qd8 31. e5 R2b6 0-1

[Event "WchT Seniors 65"]
[Site "Prague"]
[Date "2020.03.07"]
[Round "2.16"]
[White "Michenka, Jozef"]
[Black "Henrichsen, Erland"]
[Result "1-0"]
[WhiteElo "2291"]
[BlackElo "1901"]
[PlyCount "83"]
[EventDate "2020.03.06"]
[EventType "team-swiss"]
[EventRounds "7"]
[EventCountry "CZE"]
[SourceTitle "CBM 195 Extra"]
[Source "ChessBase"]
[SourceDate "2020.05.31"]
[SourceVersion "1"]
[SourceVersionDate "2020.05.31"]
[SourceQuality "1"]
[WhiteTeam "Czech Republic 65 II"]
[BlackTeam "Norway 65 II"]
[WhiteTeamCountry "CZE"]
[BlackTeamCountry "NOR"]

1. d4 Nf6 2. c4 c5 3. d5 b5 4. Qc2 e6 5. e4 exd5 6. exd5 bxc4 7. Bxc4 Qe7+ 8. Ne2 Qe4 9. Qxe4+ Nxe4 10. 0-0 Bd6 11. Nbc3 Nxc3 12. Nxc3 Ba6 13. Re1+ Kd8 14. b3 f6 15. f4 Bc7 16. Ne4 Bxc4 17. bxc4 d6 18. Ng3 g6 19. Bb2 Nd7 20. Re6 Rb8 21. Bc3 Rf8 22. Ne4 f5 23. Ng5 Kc8 24. Nxh7 Rg8 25. Nf6 Nxf6 26. Rxf6 Rb6 27. Re1 Bd8 28. Rfe6 Ra6 29. Re8 Rxe8 30. Rxe8 Rxa2 31. Rg8 Kd7 32. Rg7+ Kc8 33. Rxg6 Rc2 34. Bf6 Bb6 35. h4 Rxc4 36. h5 Rxf4 37. g3 c4+ 38. Kg2 Rf2+ 39. Kh3 Rf1 40. h6 Rh1+ 41. Kg2 Rg1+ 42. Kh2 1-0

[Event "Kouty nad Desnou Losin Kapor op"]
[Site "Kouty nad Desnou"]
[Date "2019.12.14"]
[Round "4"]
[White "Michenka, Jozef"]
[Black "Bures, Vladimir"]
[Result "1-0"]
[WhiteElo "2289"]
[BlackElo "2046"]
[PlyCount "85"]
[EventDate "2019.12.14"]
[EventType "swiss (rapid)"]
[EventRounds "9"]
[EventCountry "CZE"]
[SourceTitle "CBM 193 Extra"]
[Source "ChessBase"]
[SourceDate "2020.01.31"]
[SourceVersion "1"]
[SourceVersionDate "2020.01.31"]
[SourceQuality "1"]

1. d4 f5 2. g3 Nf6 3. Bg2 d5 4. Nf3 e6 5. 0-0 Be7 6. Nbd2 0-0 7. Ne5 c5 8. dxc5 Bxc5 9. c4 Nc6 10. Nd3 Be7 11. b3 b6 12. Bb2 Bb7 13. Nf4 Qd7 14. cxd5 Nxd5 15. Nxd5 exd5 16. Nf3 Rad8 17. Nd4 Nxd4 18. Bxd4 Bc5 19. Rc1 Rc8 20. e3 Ba3 21. Rxc8 Rxc8 22. Qd3 g6 23. Rd1 Qc6 24. Ba1 Rd8 25. Qd4 Rd7 26. Qh8+ Kf7 27. Qxh7+ Ke8 28. Qh8+ Kf7 29. h4 Qc2 30. Qf6+ Ke8 31. Qxg6+ Kd8 32. Bf6+ Kc8 33. Qe8+ Kc7 34. Be5+ Bd6 35. Rd4 Qxa2 36. Bxd5 Bxd5 37. Rxd5 Qa3 38. h5 Rd8 39. Qe7+ Kc6 40. Rxd6+ Rxd6 41. Qxd6+ Qxd6 42. Bxd6 Kxd6 43. h6 1-0

[Event "Kouty nad Desnou Losin Kapor op"]
[Site "Kouty nad Desnou"]
[Date "2019.12.14"]
[Round "5"]
[White "Vaculik, Jakub"]
[Black "Michenka, Jozef"]
[Result "1-0"]
[WhiteElo "2139"]
[BlackElo "2289"]
[PlyCount "111"]
[EventDate "2019.12.14"]
[EventType "swiss (rapid)"]
[EventRounds "9"]
[EventCountry "CZE"]
[SourceTitle "CBM 193 Extra"]
[Source "ChessBase"]
[SourceDate "2020.01.31"]
[SourceVersion "1"]
[SourceVersionDate "2020.01.31"]
[SourceQuality "1"]

1. e4 c5 2. c3 Nf6 3. Qc2 Nc6 4. f4 d6 5. Nf3 g6 6. Bb5 Bd7 7. 0-0 Bg7 8. d3 0-0 9. h3 a6 10. Bxc6 Bxc6 11. Be3 c4 12. Nbd2 cxd3 13. Qxd3 Nd7 14. Nd4 Nc5 15. Nxc6 Nxd3 16. Nxd8 Nxb2 17. Nxb7 a5 18. Rab1 Na4 19. Bd4 Nxc3 20. Bxc3 Bxc3 21. Nc4 Rfb8 22. Rb5 Rc8 23. Nb6 Bd4+ 24. Kh2 Bxb6 25. Rxb6 Rc2 26. a3 Rc3 27. Rf3 Rc7 28. Rfb3 Rc4 29. e5 d5 30. R3b5 Rxf4 31. Rxd5 Rc8 32. Rd8+ Rxd8 33. Nxd8 Ra4 34. Rb3 Re4 35. Nc6 a4 36. Rc3 e6 37. Kg3 h5 38. Kf3 Re1 39. Re3 Rc1 40. Nd4 Rc4 41. Ne2 Rc5 42. Re4 Kg7 43. Kf4 Rc2 44. Ke3 Rc5 45. Kd3 g5 46. Nc3 Rc7 47. Rxa4 Kg6 48. Rc4 Rd7+ 49. Ke4 Rd2 50. g4 h4 51. a4 Rh2 52. a5 Rxh3 53. a6 Rh1 54. a7 Re1+ 55. Kd3 Ra1 56. Ra4 1-0

[Event "CZE-chT1E 1920"]
[Site "Czech Republic"]
[Date "2019.10.20"]
[Round "1.1"]
[White "Michenka, Jozef"]
[Black "Langner, Ladislav"]
[Result "0-1"]
[WhiteElo "2290"]
[BlackElo "2373"]
[PlyCount "80"]
[EventDate "2019.10.20"]
[EventType "team-tourn"]
[EventRounds "11"]
[EventCountry "CZE"]
[SourceTitle "CBM 192 Extra"]
[Source "Chessbase"]
[SourceDate "2019.11.06"]
[SourceVersion "1"]
[SourceVersionDate "2019.11.06"]
[SourceQuality "1"]
[WhiteTeam "Ostrava"]
[BlackTeam "Cesky Tesin"]
[WhiteTeamCountry "CZE"]
[BlackTeamCountry "CZE"]

1. d4 Nf6 2. c4 g6 3. Nc3 d5 4. Bg5 Ne4 5. Bh4 Nxc3 6. bxc3 dxc4 7. e3 Qd5 8. Nf3 Nd7 9. Be2 Bg7 10. 0-0 Nb6 11. Nd2 c6 12. a4 Qa5 13. Qc1 Be6 14. Qa3 g5 15. Bg3 Bf6 16. Ne4 Nd7 17. Rfb1 b6 18. Nd2 h5 19. h3 h4 20. Bh2 g4 21. hxg4 h3 22. Bf3 Rc8 23. Ne4 hxg2 24. Qb4 Qxb4 25. Rxb4 Rg8 26. Bg3 a5 27. Rbb1 Bxg4 28. Bxg4 Rxg4 29. Nd2 c5 30. Kxg2 cxd4 31. exd4 e5 32. Re1 Kf8 33. Kf3 Rxg3+ 34. Kxg3 exd4 35. Ne4 d3 36. Nxf6 Nxf6 37. Re5 Rd8 38. Rh1 Rd5 39. Re3 Rd6 40. Rh4 d2 0-1

[Event "CZE-ch"]
[Site "Ostrava"]
[Date "2019.04.29"]
[Round "3"]
[White "Michenka, Jozef"]
[Black "Nguyen, Thai Dai Van"]
[Result "1/2-1/2"]
[WhiteElo "2287"]
[BlackElo "2547"]
[PlyCount "92"]
[EventDate "2019.04.27"]
[EventType "swiss"]
[EventRounds "9"]
[EventCountry "CZE"]
[SourceTitle "CBM 190 Extra"]
[Source "ChessBase"]
[SourceDate "2019.07.15"]
[SourceVersion "1"]
[SourceVersionDate "2019.07.15"]
[SourceQuality "1"]

1. d4 Nf6 2. c4 e6 3. Nc3 Bb4 4. e3 0-0 5. Bd3 d5 6. Nf3 b6 7. 0-0 Bb7 8. cxd5 exd5 9. a3 Bd6 10. b4 Nbd7 11. Bb2 a6 12. Nh4 Re8 13. Nf5 Bf8 14. Re1 g6 15. Ng3 Bd6 16. Nf1 Ne4 17. f3 Nxc3 18. Bxc3 f5 19. Qc2 Nf6 20. Rad1 Re7 21. Qa2 Qe8 22. Re2 Qf7 23. Be1 Rae8 24. Bh4 Kg7 25. Rde1 Re6 26. Bg3 Qd7 27. Qb2 Bxg3 28. Nxg3 R6e7 29. Qc2 Kh8 30. Kf2 h5 31. Kg1 h4 32. Nh1 Nh7 33. Nf2 Ng5 34. Qc1 Ne6 35. Nh3 Kg7 36. Qc2 Qd6 37. Qd2 Bc8 38. Qc3 Kg8 39. Qc2 Bd7 40. Qd2 Kg7 41. Nf4 Ba4 42. Nxe6+ Rxe6 43. Rc1 Bb5 44. f4 Qe7 45. Bxb5 axb5 46. Rc3 c6 1/2-1/2

[Event "CZE-chT2F 1819"]
[Site "Czech Republic"]
[Date "2019.02.24"]
[Round "9.2"]
[White "Jaworski, Miroslaw"]
[Black "Michenka, Jozef"]
[Result "1/2-1/2"]
[WhiteElo "2194"]
[BlackElo "2281"]
[PlyCount "33"]
[EventDate "2018.10.14"]
[EventType "team-tourn"]
[EventRounds "11"]
[EventCountry "CZE"]
[SourceTitle "EXT 2022"]
[Source "ChessBase"]
[SourceDate "2021.10.06"]
[SourceVersion "1"]
[SourceVersionDate "2021.10.06"]
[SourceQuality "1"]
[WhiteTeam "Havirov Slovan"]
[BlackTeam "Ostrava Labortech II"]
[WhiteTeamCountry "CZE"]
[BlackTeamCountry "CZE"]

1. d4 Nf6 2. Nf3 e6 3. c4 b6 4. g3 Ba6 5. b3 Bb4+ 6. Bd2 Be7 7. Bg2 c6 8. Bc3 d5 9. Ne5 Nfd7 10. Nxd7 Nxd7 11. Nd2 0-0 12. 0-0 Rc8 13. Re1 b5 14. e4 bxc4 15. bxc4 dxc4 16. Qa4 Bb5 17. Qc2 1/2-1/2

[Event "Gibraltar Masters 17th"]
[Site "Caleta"]
[Date "2019.01.22"]
[Round "1"]
[White "Karthikeyan, Murali"]
[Black "Michenka, Jozef"]
[Result "1/2-1/2"]
[WhiteElo "2570"]
[BlackElo "2280"]
[PlyCount "95"]
[EventDate "2019.01.22"]
[EventType "swiss"]
[EventRounds "10"]
[EventCountry "GGB"]
[SourceTitle "CBM 188 Extra"]
[Source "ChessBase"]
[SourceDate "2019.02.26"]
[SourceVersion "1"]
[SourceVersionDate "2019.02.26"]
[SourceQuality "1"]

1. e4 c5 2. Nf3 e6 3. Nc3 Nc6 4. Be2 Nf6 5. 0-0 d5 6. exd5 exd5 7. d4 cxd4 8. Nxd4 Be7 9. Bb5 Bd7 10. Re1 0-0 11. Bg5 Rc8 12. h3 h6 13. Rxe7 Nxe7 14. Bxf6 gxf6 15. Qh5 Bxb5 16. Ncxb5 Kh7 17. Re1 f5 18. h4 Ng8 19. Qxf5+ Kh8 20. g3 a6 21. Nc3 Qf6 22. Qd3 Rcd8 23. Re3 Qg6 24. Nf5 d4 25. Nxd4 Qxd3 26. Rxd3 Rfe8 27. Nce2 Re4 28. Kf1 Ne7 29. Rf3 Rdxd4 30. Nxd4 Rxd4 31. Rxf7 Re4 32. Rf6 Ng8 33. Rb6 Re7 34. g4 Kg7 35. Kg2 Nf6 36. g5 hxg5 37. hxg5 Nd5 38. Rd6 Nb4 39. c3 Nc6 40. Kg3 Ne5 41. f4 Nc4 42. Rd4 Ne3 43. Kf3 Nf5 44. Rd3 Kg6 45. c4 Kh5 46. a3 Nh4+ 47. Kg3 Nf5+ 48. Kf3 1/2-1/2

[Event "Litomysl op 20th"]
[Site "Litomysl"]
[Date "2018.12.29"]
[Round "5"]
[White "Getmanchuk, Andrei V"]
[Black "Michenka, Jozef"]
[Result "1/2-1/2"]
[WhiteElo "2140"]
[BlackElo "2274"]
[PlyCount "83"]
[EventDate "2018.12.26"]
[EventType "swiss"]
[EventRounds "9"]
[EventCountry "CZE"]
[SourceTitle "CBM 188 Extra"]
[Source "ChessBase"]
[SourceDate "2019.02.26"]
[SourceVersion "1"]
[SourceVersionDate "2019.02.26"]
[SourceQuality "1"]

1. e4 c5 2. Nc3 Nc6 3. Bb5 g6 4. Bxc6 dxc6 5. f4 Bg7 6. Nf3 Nf6 7. 0-0 0-0 8. d3 b6 9. Qe1 Bg4 10. Ne5 Qc7 11. Qh4 Bc8 12. g4 h6 13. Bd2 Nh7 14. Rae1 Be6 15. Nf3 f6 16. f5 g5 17. Qf2 Bf7 18. h4 e5 19. Kg2 Rfd8 20. hxg5 fxg5 21. b3 Qd6 22. Be3 Qf6 23. Bc1 Nf8 24. Bb2 Nd7 25. Nd1 Qe7 26. Ne3 Bf6 27. Qg3 b5 28. Rh1 Kg7 29. Rh3 Rh8 30. Reh1 Rh7 31. Qh2 Rah8 32. c4 Qd6 33. Kf2 Kf8 34. Ke2 Ke7 35. Qg3 a6 36. R3h2 Qb8 37. Bc3 b4 38. Bb2 a5 39. Rh3 Qd6 40. R3h2 Qb8 41. Rh3 Qd6 42. R3h2 1/2-1/2

[Event "CZE-chT1E 1819"]
[Site "Czech Republic"]
[Date "2018.12.09"]
[Round "4.4"]
[White "Michenka, Jozef"]
[Black "Fiedorek, Michal"]
[Result "1/2-1/2"]
[WhiteElo "2278"]
[BlackElo "2128"]
[PlyCount "82"]
[EventDate "2018.10.21"]
[EventType "team-tourn"]
[EventRounds "11"]
[EventCountry "CZE"]
[SourceTitle "CBM 187 Extra"]
[Source "ChessBase"]
[SourceDate "2018.11.04"]
[SourceVersion "1"]
[SourceVersionDate "2018.11.04"]
[SourceQuality "1"]
[WhiteTeam "Ostrava"]
[BlackTeam "Rychnov nad Kneznou"]
[WhiteTeamCountry "CZE"]
[BlackTeamCountry "CZE"]

1. d4 Nf6 2. c4 g6 3. Nc3 Bg7 4. e4 d6 5. Nf3 0-0 6. h3 e5 7. d5 a5 8. Be2 Na6 9. 0-0 Nc5 10. Qc2 Nh5 11. Bg5 f6 12. Be3 b6 13. Qd2 Qe8 14. Rfe1 f5 15. exf5 gxf5 16. Nb5 Na6 17. Bg5 Qf7 18. Qd1 Nf6 19. Nc3 Ne4 20. Bd2 Nxd2 21. Nxd2 Qf6 22. Nf1 e4 23. f4 Qh4 24. Qd2 Bh6 25. g3 Qxh3 26. Nd1 Bg7 27. Nf2 Qh6 28. Rab1 Qg6 29. Nh3 Bd7 30. Kh2 Bf6 31. Ne3 Kh8 32. Rg1 Bg7 33. Rg2 Qf6 34. Bf1 Rae8 35. Ng5 Nc5 36. Kh1 Bh6 37. Nh3 Bg7 38. Ng5 Bh6 39. Nh3 Bg7 40. Ng5 Qd4 41. Rd1 Qxd2 1/2-1/2